| 000 | 02611nam0a2200373 4500 | ||
|---|---|---|---|
| 001 | RU\NLR\BIBL_A\011905242 | ||
| 005 | 20190125142927.0 | ||
| 010 |
_a978-5-906930-89-7 _9750 |
||
| 021 |
_aRU _bКН-П-18-091642 _9КН-П-18-6657 |
||
| 035 | _a(NLR Aleph) 011905242 | ||
| 035 | _a(RuMoRGB)009828019 | ||
| 090 |
_a10904752 _c10904752 |
||
| 100 | _a20190109d2018 u y0rusy50 ca | ||
| 101 | 0 | _arus | |
| 102 | _aRU | ||
| 105 | _a c||z|||010zc | ||
| 200 | 1 |
_aРоссийский научно-исследовательский противочумный институт "Микроб", 100 лет _f[Кутырев В.В., Щербакова С.А., Девдариани З.Л. и др.] _gпод редакцией доктора медицинских наук, профессора А.Ю. Поповой, академика РАН, доктора медицинских наук, профессора В.В. Кутырева _gФедеральная служба по надзору в сфере защиты прав потребителей и благополучия человека, Федеральное казенное учреждение здравоохранения " Российский научно-исследовательский противочумный институт "Микроб" |
|
| 210 |
_aСаратов _aКрасногорск _cКрасногорский полиграфический комбинат _d2018 |
||
| 215 |
_a368 с. _cил., портр., табл., цв. ил., портр. _d30 |
||
| 300 | _aАвт. указаны на обороте тит. л. | ||
| 320 | _aБиблиогр. в конце гл. | ||
| 601 | 0 | 2 |
_a" Микроб", российский научно-исследовательский противочумный институт _cСаратов _2nlr_sh2 _3RU\NLR\AUTH\6601648068 |
| 686 | 1 | _aР26е(2)л21 | |
| 686 | 1 | _aР194.78 | |
| 701 | 1 |
_aКутырев _bВ. В. _gВладимир Викторович _3RU\NLR\AUTH\7758067 |
|
| 701 | 1 |
_aЩербакова _bС. А. |
|
| 701 | 1 |
_aДевдариани _bЗ.Л. _gЗураб Леванович |
|
| 702 | 1 |
_aПопова _bА. Ю. _cд-р мед. наук, гос. деятель _f1960- _gАнна Юрьевна _3RU\NLR\AUTH\770138904 _4340 |
|
| 711 | 0 | 2 |
_a"Микроб", российский научно-исследовательский противочумный институт _cСаратов _3RU\NLR\AUTH\8810026499 |
| 942 | _cBOOK | ||
| 980 | _aNB | ||